| 000 | 00480cam a2200181ua 4500 | ||
|---|---|---|---|
| 001 | 1860 | ||
| 008 | 110811n ii |||gr||||Z||||||eng | ||
| 040 | _cMAIN | ||
| 082 | _a378 | ||
| 100 |
_aed. Sarma, Achyut, _eAuthor. |
||
| 245 | 1 |
_aChallenge of higher education _ced. by Achyut Sarma |
|
| 250 | _a1st. | ||
| 260 |
_aGuahati: _bAssam college teachers association,987. |
||
| 300 |
_a239p: _c23cm. |
||
| 653 | _aEducation | ||
| 653 | _aChallenge of higher education | ||
| 942 | _cBK | ||
| 999 |
_c1742 _d1742 |
||